| 000 | 00825nam a22002177a 4500 | ||
|---|---|---|---|
| 999 |
_c19302 _d19302 |
||
| 003 | AR-CdUCM | ||
| 008 | 190517b ||||| |||| 00| 0 spa d | ||
| 020 | _a9972-840-18-2 | ||
| 040 |
_aMUNICIPALIDAD PROVINCIAL DEL CUSCO _cBIBLIOTECA MUNICIPAL DEL CUSCO |
||
| 082 |
_a598.8 / _bC25 |
||
| 245 | _aCanarios: cría, manejo y adiestramiento / | ||
| 260 |
_aPerú : _bRipalme, _c2005. |
||
| 300 |
_a135 paginas ; _bIlustraciones, _c22 cm. |
||
| 505 | _aContenido : Origen y razas -- Manejo, alimentación y reproducción -- Nutrición y alimentación -- El manejo de los canarios -- Adiestramiento y calificaciones... | ||
| 650 |
_aLos canarios _940563 |
||
| 650 |
_aCantos del canario _940564 |
||
| 650 |
_aAlimentación de los canarios _940565 |
||
| 650 |
_aAves _92630 |
||
| 942 |
_2ddc _cLIBROS |
||
| 945 |
_awnts _d2019-05-17 |
||